Catálogo
 En Linea

Problemas de economía política del socialismo / (Registro nro. 23835)

Detalles MARC
000 -CABECERA
campo de control de longitud fija 01054nam a2200265 a 4500
001 - NÚMERO DE CONTROL
campo de control 000024342
005 - FECHA Y HORA DE LA ÚLTIMA TRANSACCIÓN
campo de control 20200930022928.0
008 - DATOS DE LONGITUD FIJA--INFORMACIÓN GENERAL
campo de control de longitud fija 110126s1976 mx r 001 0 spa d
020 ## - NÚMERO INTERNACIONAL ESTÁNDAR DEL LIBRO
Número Internacional Estándar del Libro 9682997763
040 ## - FUENTE DE LA CATALOGACIÓN
Centro catalogador/agencia de origen DO-SdBNP
Lengua de catalogación spa
Centro/agencia transcriptor BNPHU
082 ## - NÚMERO DE LA CLASIFICACIÓN DECIMAL DEWEY
Número de clasificación xxxx
Número de documento/Ítem P962
049 ## - FONDOS LOCALES (OCLC)
Fondos de biblioteca BNGR
240 00 - TÍTULO UNIFORME
Título uniforme Zagadnienia ekonomii polytycznej socjalizmu.
Lenguaje de la obra Español
245 00 - MENCIÓN DE TÍTULO
Título Problemas de economía política del socialismo /
Mención de responsabilidad, etc. Czeslaw Bobrowski... [et al] ; edición Oscar Lange ; traducción de FLorentino M. Torner, Ludwik Margules y Alaide Foppa.
260 ## - PUBLICACIÓN, DISTRIBUCIÓN, ETC.
Lugar de publicación, distribución, etc. México, D. F. :
Nombre del editor, distribuidor, etc. Fondo de Cultura Económoca,
Fecha de publicación, distribución, etc. 1976.
300 ## - DESCRIPCIÓN FÍSICA
Extensión 347 p. ;
Dimensiones 21 cm.
490 1# - MENCIÓN DE SERIE
Mención de serie Obras de Economía
534 ## - NOTA SOBRE LA VERSIÓN ORIGINAL
Encabezamiento principal del original Título original :
Mención de título del original Zagadnienia ekonomii polytycznej socjalizmu
700 1# - PUNTO DE ACCESO ADICIONAL--NOMBRE DE PERSONA
Nombre de persona Bobrowski, Czeslaw.
9 (RLIN) 49921
700 1# - PUNTO DE ACCESO ADICIONAL--NOMBRE DE PERSONA
Nombre de persona Lange, Oscar,
Término indicativo de función/relación ed.
9 (RLIN) 49922
700 1# - PUNTO DE ACCESO ADICIONAL--NOMBRE DE PERSONA
Nombre de persona Torner, Florentino M.,
Término indicativo de función/relación tr.
9 (RLIN) 45232
700 1# - PUNTO DE ACCESO ADICIONAL--NOMBRE DE PERSONA
Nombre de persona Margules, Ludwik,
Término indicativo de función/relación tr.
9 (RLIN) 49923
700 1# - PUNTO DE ACCESO ADICIONAL--NOMBRE DE PERSONA
Nombre de persona Foppa, Alaide,
Término indicativo de función/relación tr.
9 (RLIN) 49924
830 #0 - PUNTO DE ACCESO ADICIONAL DE SERIE-TÍTULO UNIFORME
Título uniforme Obras de Economía.
Nombre de parte o sección de la obra Economía política del socialismo
9 (RLIN) 49925
Existencias
Estado de retiro Estado de pérdida Restricciones de uso No para préstamo Código de colección Localización permanente Ubicación/localización actual Ubicación en estantería Fecha de adquisición Número de inventario Total de préstamos Signatura topográfica completa Código de barras Fecha visto por última vez Precio válido a partir de Tipo de ítem Koha Número de copia
        Monografías: Libros y Folletos General General En catalogación 26.01.2011 LF1   xxxx P962 24342-10 25.06.2020 25.06.2020 Préstamo en sala  
      Préstamo restrigido Monografías: Libros y Folletos General General En catalogación 26.01.2011 LF1   xxxx P962 24342-20 25.06.2020 25.06.2020 Préstamo en sala e. 2

Con tecnología Koha